LEADER 05671oam 2201177 c 450 001 9910136244303321 005 20260302090207.0 010 $a9783839434529 010 $a3839434521 024 7 $a10.14361/9783839434529 035 $a(CKB)3710000000915704 035 $a(MiAaPQ)EBC4772649 035 $a(DE-B1597)473105 035 $a(OCoLC)979613052 035 $a(DE-B1597)9783839434529 035 $a(transcript Verlag)9783839434529 035 $a(Perlego)1463391 035 $a(EXLCZ)993710000000915704 100 $a20260302d2016 uy 0 101 0 $ager 135 $aurcnu|||||||| 181 $2rdacontent 182 $2rdamedia 183 $2rdacarrier 200 00$aPolitik der Kunst$eÜber Möglichkeiten, das Ästhetische politisch zu denken$fLeonhard Emmerling, Ines Kleesattel 205 $a1st ed. 210 $aBielefeld$ctranscript Verlag$d2016 215 $a1 online resource (219 pages) 225 0 $aImage 300 $aWhere participatory art projects today clearly oppose an autonomous aesthetic, the question of the relationship between art and society ? which in European schools of thought has been the source of competing and often antagonistic arguments for over 200 years ? takes on renewed relevance. Focusing on the present, this volume discusses this contentious subject from current philosophical and aesthetic perspectives. The diverse range of contributions grapple with the power and weakness of art, the timeliness of beauty, the (un)political nature of reflection and participation, and the role of the art critic, as well as the assertion of a politics of art. 311 08$a9783837634525 311 08$a3837634523 327 $aFrontmatter 1 Inhalt 5 Vorwort 7 Politik der Kunst. Zur Einleitung 11 Kunst, Politik, Peinlichkeit 21 Die teilnahmslose Kunst 35 Dissensuelle Partizipation. Die Kunst des Scheiterns und die Sta?rke der Konfliktivita?t 51 Autonomie auf Probe 67 Das Paradox der Fa?higkeit und der Wert des Scho?nen 85 Zur Ohnmacht der Kunst 101 Adorno u?ber das Glu?ck an den Kunstwerken 121 Zur Politik des Scho?nen, heute. U?berlegungen zur aktuellen A?sthetik im Anschluss an Gadamer 143 Solidarische Mobilmachung. Kunst, Vokabularpolitik und Resolidarisierung nach Richard Rorty 157 Kunst und Kritik. Das Problem in Rancie?res politischer Kunsttheorie und eine Erinnerung an Adorno 175 Zwischen Diffusionspathos und Quintessentialismus. U?ber waghalsige Bestimmungen des Politischen der Kunst 191 Gegen Kunsttheorie. Zur Frage nach dem politischen Charakter von Kunst 199 Autorinnen und Autoren 211 330 $aWo partizipatorische Kunstprojekte heute klar der Autonomie der Kunst eine Absage erteilen, erhält die Frage nach dem Verhältnis von Kunst und Gesellschaft, das in europäischen Denktraditionen bereits seit über 200 Jahren Gegenstand einander widerstreitender Ansätze ist, neue Brisanz.Mit Blick auf die Gegenwart diskutiert der Band dieses Spannungsfeld aus aktuellen philosophischen und kunstwissenschaftlichen Perspektiven. Die heterogenen Beiträge streiten um Macht und Schwäche der Kunst, um die Aktualität von Schönheit, um das (Un-)Politische von Reflexion und Partizipation, um die Rolle der Kunstkritik sowie um die Behauptung einer Politik der Kunst. 330 1 $aBesprochen in:Zitty, 50 (2016)Kunstbulletin, 5 (2017)Zeitschrift, 30 (2017) 330 1 $a»Die Aufsätze leisten eine konzise Begriffsarbeit und tragen zu einer aktuellen wissenschaftlichen Auseinandersetzung einiges an nachvollziehbarer Kritik bei.« 517 2 $aKleesattel et al. (Hg.), Politik der Kunst$eÜber Möglichkeiten, das Ästhetische politisch zu denken 606 $aKunst 606 $aArt 606 $aPolitics 606 $aPolitik 606 $aGegenwartskunst 606 $aContemporary Art 606 $aÄsthetische Theorie 606 $aTheory of Aesthetics 606 $aPartizipation 606 $aParticipation 606 $aAutonomie 606 $aAutonomy 606 $aKunstkritik 606 $aArt Criticism 606 $aArtivismus 606 $aArtivism 606 $aAesthetics 606 $aKunstheorie 606 $aÄsthetik 606 $aPolitical Art 606 $aPolitische Kunst 606 $aSociology of Art 606 $aKunstsoziologie 606 $aArt Theory 606 $aKunsttheorie 606 $aFine Arts 606 $aKunstwissenschaft 615 4$aKunst 615 4$aArt 615 4$aPolitics 615 4$aPolitik 615 4$aGegenwartskunst 615 4$aContemporary Art 615 4$aÄsthetische Theorie 615 4$aTheory of Aesthetics 615 4$aPartizipation 615 4$aParticipation 615 4$aAutonomie 615 4$aAutonomy 615 4$aKunstkritik 615 4$aArt Criticism 615 4$aArtivismus 615 4$aArtivism 615 4$aAesthetics 615 4$aKunstheorie 615 4$aÄsthetik 615 4$aPolitical Art 615 4$aPolitische Kunst 615 4$aSociology of Art 615 4$aKunstsoziologie 615 4$aArt Theory 615 4$aKunsttheorie 615 4$aFine Arts 615 4$aKunstwissenschaft 676 $a111.85092 686 $aEC 2450$2rvk 702 $aEmmerling$b Leonhard$p

Leonhard Emmerling, Goethe-Institut New Delhi, Indien

$4edt 702 $aKleesattel$b Ines$p

Ines Kleesattel, Zürich, Schweiz

$4edt 801 0$bDE-B1597 801 1$bDE-B1597 906 $aBOOK 912 $a9910136244303321 996 $aPolitik der Kunst$92590304 997 $aUNINA